CSIR-NET General Aptitude- New Outlook (Record no. 201700)

MARC details
000 -LEADER
fixed length control field 00639nam a22002057a 4500
005 - DATE AND TIME OF LATEST TRANSACTION
control field 20240327152220.0
010 ## - LCCN (DPL NO)
LC control number ENG-139875
020 ## - INTERNATIONAL STANDARD BOOK NUMBER
International Standard Book Number 9788192291109
Terms of availability 479.00
035 ## - SYSTEM CONTROL NUMBER
System control number EN-123407
037 ## - SOURCE OF ACQUISITION
Source of stock number/acquisition DBAD/PUB
082 ## - DEWEY DECIMAL CLASSIFICATION NUMBER
Classification number 500
Edition number 1
100 ## - MAIN ENTRY--PERSONAL NAME
Personal name Varghese christy
245 ## - TITLE STATEMENT
Title CSIR-NET General Aptitude- New Outlook
Statement of responsibility, etc by Christy varghese
260 ## - PUBLICATION, DISTRIBUTION, ETC. (IMPRINT)
Place of publication, distribution, etc Kerala
Name of publisher, distributor, etc Lilly publishing house
Date of publication, distribution, etc 2021
270 ## - ADDRESS
Address Changanacherry
City Kerala
Telephone number 0481-2401509, 9947401509
300 ## - PHYSICAL DESCRIPTION
Extent 616p.
Dimensions 24cm(pbk)
700 ## - ADDED ENTRY--PERSONAL NAME
Personal name Christy varghese
9 (RLIN) 63774
710 ## - ADDED ENTRY--CORPORATE NAME
Corporate name or jurisdiction name as entry element Jesse P francis
Relator term Author
9 (RLIN) 63775
942 ## - ADDED ENTRY ELEMENTS (KOHA)
Item type Hindi Books
Source of classification or shelving scheme Dewey Decimal Classification
Classification part 500
Call number suffix Var
Edition 7
Holdings
Withdrawn status Lost status Not for loan Collection code Home library Current library Date acquired Source of acquisition Cost, normal purchase price Full call number Barcode Copy number Cost, replacement price Koha item type
      Non-fiction Bawana Bawana 21/03/2024 DBAD/PUB 479.00 500 VAR EN-123407 1 479.00 English Books

© Delhi Public Library
Hit Counter
free hit counter